Bratislava – Nové Mesto – urbanistická štúdia riešenia rozvojovej osi Vajnorská

Enregistré dans:
Détails bibliographiques
Auteur principal: Červeni, Zoran (Auteur)
Autres auteurs: Štefancová, Lucia (Directeur de thèse)
Format: Manuscrit Livre
Langue:slovaque
Publié: 2024
Sujets:
Accès en ligne:http://is.stuba.sk/zp/portal_zp.pl?podrobnosti=178776
Tags: Ajouter un tag
Pas de tags, Soyez le premier à ajouter un tag!

MARC

LEADER 00000ntm a22000003a 4500
001 stuzp98414
003 SK-STU
005 20240608212108.1
007 ta
008 150427s2015----xo-----f-mn---000-0-slo-d
040 |a STU  |b slo 
041 0 |a slo 
100 1 |a Červeni, Zoran  |u 056160  |4 aut  |U FAD Fakulta architektúry a dizajnu  |T FAD Ústav urbanizmu a územného plánovania  |X 93713  |U A6160  |Y 397  |7 93713 
242 0 1 |a Bratislava – Nové Mesto – Urban Study of Vajnorská Development Axis  |y eng 
245 1 0 |a Bratislava – Nové Mesto – urbanistická štúdia riešenia rozvojovej osi Vajnorská 
260 |c 2024 
650 4 |a centrum  |2 slo 
650 4 |a Nové Mesto  |2 slo 
650 4 |a Vajnorská  |2 slo 
650 4 |a transformácia  |2 slo 
650 4 |a verejný priestor  |2 slo 
650 4 |a Nové Mesto  |2 eng 
650 4 |a Public space  |2 eng 
650 4 |a center  |2 eng 
650 4 |a Vajnorská  |2 eng 
650 4 |a transformation  |2 eng 
700 1 |a Štefancová, Lucia  |u 056160  |k Z1  |4 ths  |U FAD Fakulta architektúry a dizajnu  |T FAD Ústav urbanizmu a územného plánovania  |X 27281  |U A6160  |Y 397  |7 A000027281 
856 4 |u http://is.stuba.sk/zp/portal_zp.pl?podrobnosti=178776